000 00347 a2200133 4500
005 20250609164452.0
020 _a3-7625-0707-4
082 _aREF 620.003 BUC
100 _aBUCKSCH, H.
245 _aGetriebe-Worterbuch : Dictionary of Mechanism.
260 _aEstover,
_bMcDonald & Evans,
_c1976.
300 _a286p.: ill.;
_c20cm.
942 _2ddc
_cBKS
999 _c3547
_d3547